| 000 | 02782nam a2200397Ia 4500 | ||
|---|---|---|---|
| 008 | 241111s2024 sp 000 0 spa d | ||
| 020 | _a978-84-8417-634-3 | ||
| 041 | _aspa | ||
| 245 | 0 | 0 |
_aAnálisis de los acuerdos de los planes de igualdad _c/ dirección Mª Luisa Molero Marañón y Patricia Nieto Rojas ; Cristina Aragón Gómez ... [et al.] ; presentación Jesús Cruz Villalón |
| 260 |
_aMadrid : _bMinisterio de Trabajo y Economía Social, Subdirección General de Informes, Recursos y Publicaciones, _c[2024] |
||
| 300 |
_a468 p. ; _c30 cm |
||
| 490 |
_aInformes y estudios ; relaciones laborales, _v140 |
||
| 500 | _aContiene: La negociación de planes de igualdad en las empresas: marco normativo / Patricia Nieto Rojas. - Criterios para la conformación de la muestra de planes de igualdad analizados / Carlos Roberto Campo. - Análisis del cumplimiento gradual de la obligación real y su control / Cristina Aragón Gómez . - Procedimiento de negociación de los planes de igualdad / María Luisa Molero Marañón. - Valoración general del diagnóstico de situación / Mónica Llano Sánchez. - Proceso de selección, contratación y formación / M. Begoña García Gil. - Clasificación profesional, valoración de puestos de trabajo y promoción profesional / Mónica Llano Sánchez. - Tiempo de trabajo y ejercicio corresponsable de los derechos de conciliación / M. Begoña García Gil. - Condiciones retributivas: especial atención al tratamiento de los instrumentos de transparencia retributiva / Macarena Castro Conde. - Salud laboral, prevención frente al acoso, violencia de género y lenguaje inclusivo / Patricia Nieto Rojas. - Listado de planes de igualdad | ||
| 650 | 0 |
_aIGUALDAD DE DERECHOS _91832 |
|
| 650 | 0 |
_aIGUALDAD DE GENERO _95513 |
|
| 650 | 0 |
_aIGUALDAD DE REMUNERACION _9402 |
|
| 650 | 0 |
_aNEGOCIACION COLECTIVA _974 |
|
| 650 | 0 |
_aCONVENIO COLECTIVO _9297 |
|
| 650 | 0 |
_aPLAN DE ACCION _91075 |
|
| 650 |
_aMUJERES _9199 |
||
| 650 | 0 |
_aDERECHOS DE LA MUJER _9392 |
|
| 650 | 0 |
_aCONCILIACION VIDA FAMILIAR Y LABORAL _95515 |
|
| 650 | 0 |
_aINTEGRACION DE LA PERSPECTIVA DE GENERO _96471 |
|
| 650 | 0 |
_aSALUD EN EL TRABAJO _9155 |
|
| 650 | 0 |
_aPREVENCION _94589 |
|
| 650 | 0 |
_aVIOLENCIA EN EL TRABAJO _912233 |
|
| 650 | 0 |
_aACOSO LABORAL _96866 |
|
| 650 |
_aESPAÑA _99 |
||
| 700 | 1 |
_aMOLERO MARAÑON, María Luisa _97351 _edir. |
|
| 700 | 1 |
_aNIETO ROJAS, Patricia _933817 _edir. |
|
| 700 | 1 |
_aCRUZ VILLALON, Jesús _9525 _epr. |
|
| 700 | 1 |
_aARAGON GOMEZ, Cristina _918997 _eed. lit. |
|
| 710 | 2 |
_aESPAÑA _bMinisterio de Trabajo y Economía Social _bSubdirección General de Informes, Recursos y Publicaciones _eed. _933935 |
|
| 856 |
_uhttps://docpublicos.ccoo.es/cendoc/069871AcuerdosPlanesIgualdad.pdf _zPDF |
||
| 942 |
_cDOCU_ELEC _2ddc _n0 |
||
| 999 |
_c61109 _d61109 |
||